000 01081nam a22002537a 4500
003 OSt
005 20250904145903.0
008 240425b ||||| |||| 00| 0 eng d
040 _c0
082 _aDPer 621.317 Ie21 November 2022 v. 37 n. 11
100 _aLibbos, Elie.
_eauthor.
_956697
245 _aInverter design considerations for variable-pole induction machines in electric vehicles /
_cElie Libbos, Elisa Krause, Arijit Banerjee, and Philip T. Krein.
260 _aNew York ;
_bThe Institute of Electrical and Electronics Engineers, Inc. ,
_cNovember 2022.
300 _aVolume 37, pages 13554-13565 :
_billustration ;
_c28 cm.
500 _aIEEE Transactions on Power Electronics, vol. 37, no. 11, pages 13554-13565, November 2022.
650 0 _aElectric vehicles (EVs).
_967222
650 0 _aLegged locomotion.
_965934
650 0 _aPower inverters.
_967223
700 _aLibbos, Elie.
_eauthor.
_956697
700 _aKrause, Elisa.
_eauthor.
_956698
700 _aBanerjee, Arijit.
_eauthor.
_956699
700 _aKrein, Philip T.
_eauthor.
_956700
942 _2ddc
_cPER
999 _c20161
_d20161